000
00364nam a2200145Ia 4500
008
100122s9999 xx 000 0 und d
082
_b
1582
_a
821
100
_a
यशवंत
245
_a
यशोधन
260
_b
प्रकाशक शोधणे
_c
1924
300
_a
55
630
_a
यशोधन
730
_a
यशोधन
942
_c
BOOK
999
_c
396314
_d
396311